Library of the University of Algiers 3
Ibrahim Sultan Cheibout
شعار جامعة الجزائر 3
مكتبة جامعة الجزائر 3
إبراهيم سلطان شيبوط

الاصابة الرياضية (رقم التسجيلة. 11625)

تفاصيل مارك
000 -LEADER
fixed length control field 00548nam a2200205Ia 4500
003 - CONTROL NUMBER IDENTIFIER
control field IEPS
005 - DATE AND TIME OF LATEST TRANSACTION
control field 20250703135247.0
008 - FIXED-LENGTH DATA ELEMENTS--GENERAL INFORMATION
fixed length control field 250223s9999||||xx |||||||||||||| ||und||
040 ## - CATALOGING SOURCE
-- IEPS
041 ## - LANGUAGE CODE
Language code of text/sound track or separate title ara
082 ## - DEWEY DECIMAL CLASSIFICATION NUMBER
Classification number 617.1
100 ## - MAIN ENTRY--PERSONAL NAME
Personal name جلال الدين علي
245 #0 - TITLE STATEMENT
Title الاصابة الرياضية
245 #0 - TITLE STATEMENT
Remainder of title الوقاية و العلاج
250 ## - EDITION STATEMENT
Edition statement ط. 02
260 ## - PUBLICATION, DISTRIBUTION, ETC.
Place of publication, distribution, etc. الزقازيق
Name of publisher, distributor, etc. [د.ن.]
Date of publication, distribution, etc. 2005
300 ## - PHYSICAL DESCRIPTION
Extent 237 ص.
Other physical details جداول
Dimensions 20 سم.
653 ## - INDEX TERM--UNCONTROLLED
Uncontrolled term الإصابات الرياضية
942 ## - ADDED ENTRY ELEMENTS (KOHA)
Koha item type كتب
المقتنيات
Withdrawn status Lost status Source of classification or shelving scheme Damaged status Not for loan Home library Current library Date acquired Inventory number Total checkouts Full call number Barcode Date last seen Copy number Price effective from Koha item type
    Dewey Decimal Classification   NOT LOAN / إعارة داخلية مكتبة معهد التربية البدنية و الرياضية مكتبة معهد التربية البدنية و الرياضية 23/02/2025 invar2036   617.1 ج ا ا / 1 invar2036 23/02/2025 ل ع 828 / 1 23/02/2025 كتب
    Dewey Decimal Classification   Available مكتبة معهد التربية البدنية و الرياضية مكتبة معهد التربية البدنية و الرياضية 23/02/2025 invar2037   617.1 ج ا ا / 2 invar2037 23/02/2025 ل ع 828 / 2 23/02/2025 كتب
    Dewey Decimal Classification   Available مكتبة معهد التربية البدنية و الرياضية مكتبة معهد التربية البدنية و الرياضية 23/02/2025 invar2930   617.1 ج ا ا / 3 invar2930 23/02/2025 ل ع 828 / 3 23/02/2025 كتب
    Dewey Decimal Classification   Available مكتبة معهد التربية البدنية و الرياضية مكتبة معهد التربية البدنية و الرياضية 23/02/2025 invar2931   617.1 ج ا ا / 4 invar2931 23/02/2025 ل ع 828 / 4 23/02/2025 كتب
    Dewey Decimal Classification   Available مكتبة معهد التربية البدنية و الرياضية مكتبة معهد التربية البدنية و الرياضية 23/02/2025 invar2932   617.1 ج ا ا / 5 invar2932 23/02/2025 ل ع 828 / 5 23/02/2025 كتب

موارد الويب المفتوحة


© University of Algiers 3 All Rights Reserved
|
Implemented by LECHELAH Riad